Instantánea azul
Guardat en:
| Autor principal: | |
|---|---|
| Format: | Llibre |
| Idioma: | espanyol |
| Publicat: |
Santiago
Ediciones del Lobo
2000
|
| Edició: | 1a. ed |
| Col·lecció: | Poesía
|
| Matèries: | |
| Etiquetes: |
Afegir etiqueta
Sense etiquetes, Sigues el primer a etiquetar aquest registre!
|
MARC
| LEADER | 00000cam a2200000 a 4500 | ||
|---|---|---|---|
| 001 | UCD0802 | ||
| 003 | CL-VaPUC | ||
| 008 | 151218e20000000cl |||||||||||||||||spa|d | ||
| 020 | |a 9562885364 | ||
| 082 | 0 | 4 | |a Ch861 |b VIC |2 21 |
| 100 | 0 | |a Vicencio, Eugenia |e author |9 583827 | |
| 245 | 1 | 0 | |a Instantánea azul |
| 250 | |a 1a. ed | ||
| 300 | |a 49 p | ||
| 942 | |c BK | ||
| 945 | |d 20151218 14:15:00 |a dcastane | ||
| 260 | |a Santiago |b Ediciones del Lobo |c 2000 | ||
| 650 | 0 | |a Poesías chilenas |9 265280 | |
| 650 | 0 | |a Literatura chilena |9 308278 | |
| 583 | |a last modification |c 20151218 14:15:00 |k Rodrigo Vera | ||
| 490 | 0 | |a Poesía | |
| 999 | |c 362249 |d 362247 | ||
| 952 | |0 0 |1 0 |3 erb |4 0 |6 CH_861_000000000000000_VIC_2000 |7 0 |8 A |9 473284 |a BIBARQ |b BIBARQ |i 5257433 |o Ch861 VIC 2000 |p 5257433 |r 2025-01-20 |w 2019-11-24 |y BK |z Catalogado en:20151218 |k ARQ | ||